| 000 | 00919nam a2200205 a 4500 | ||
|---|---|---|---|
| 001 | 000252842 | ||
| 003 | AM-YeHGA | ||
| 005 | 20250618071709.0 | ||
| 008 | 030807s1986 ai 000 | arm d | ||
| 040 | _aAM-YeHGA | ||
| 245 | 1 | 0 |
_aԱտելության դեմքը : _bՎեպ-նամականի / _cՎ.Ա. Կորոտիչ; Ռուս. թարգմ.՝ Ս.Կ. Խաչատրյան; Խմբ.՝ Ա.Վ. Խաչատրյան, Ա.Ս. Սարգսյան; Նկ.՝ Հ.Կ. Մնացականյան. |
| 260 |
_aԵրևան : _bՀայաստան, _c1986. |
||
| 300 |
_a240 էջ ; _c21 սմ. |
||
| 650 | 1 | 4 |
_aՈւկրաինական գրականություն _xՎեպ |
| 700 | 1 |
_aԽաչատրյան, Ս.Կ. _eթարգմ. _4trl |
|
| 700 | 1 |
_aԽաչատրյան, Ա.Վ. _eխմբ. _4edt |
|
| 700 | 1 |
_aՍարգսյան, Ա.Ս. _eխմբ. _4edt |
|
| 700 | 1 |
_aՄնացականյան, Հենրիկ Կարապետի, _d1922-2001 _eնկ. _4art _91758 |
|
| 090 | _c92057 | ||
| 999 |
_c90763 _d90763 |
||